Návrh koncového uzla vládnej datovej siete Govnet : Diplomová práca /
Gespeichert in:
| 1. Verfasser: | |
|---|---|
| Weitere Verfasser: | |
| Format: | Manuskript Buch |
| Veröffentlicht: |
Bratislava :
STU v Bratislave FEI,
1997
|
| Schlagworte: | |
| Tags: |
Keine Tags, Fügen Sie das erste Tag hinzu!
|
MARC
| LEADER | 00000ntm a22000003a 4500 | ||
|---|---|---|---|
| 001 | stu9879 | ||
| 005 | 20160719164949.8 | ||
| 008 | 970626s1997----------------------------d | ||
| 040 | |a STU |b slo | ||
| 041 | 0 | ||
| 100 | 1 | |a Krempaský, Miroslav |4 aut | |
| 245 | 1 | |a Návrh koncového uzla vládnej datovej siete Govnet : |b Diplomová práca / |c [aut.] Krempaský,Miroslav; Škol. Valenčík,Ňubomír | |
| 260 | |a Bratislava : |b STU v Bratislave FEI, |c 1997 | ||
| 300 | |a 49 s : |b príl + |c disketa | ||
| 650 | 7 | |a informatika |2 stusub | |
| 700 | 1 | |a Valenčík, Ľubomír |4 ths | |